[Event "World Blitz Women 2022"]
[Site "Almaty KAZ"]
[Date "2022.12.30"]
[Round "11.11"]
[White "Tania, Sachdev"]
[Black "Koneru, Humpy"]
[Result "0-1"]
[WhiteTitle "IM"]
[BlackTitle "GM"]
[WhiteElo "2389"]
[BlackElo "2572"]
[WhiteFideId "5007844"]
[BlackFideId "5008123"]
[EventDate "2022.12.29"]

1. d4 Nf6 2. c4 e6 3. Nf3 Bb4+ 4. Bd2 a5 5. g3 O-O 6. Bg2 d5 7. O-O dxc4 8. Bxb4
axb4 9. Ne5 Nc6 10. Nxc6 bxc6 11. Bxc6 Ra5 12. Bg2 Ba6 13. Qd2 Qd6 14. Rd1 Rb8
15. e4 Qe7 16. d5 exd5 17. exd5 h6 18. Qd4 c3 19. bxc3 b3 20. a4 b2 21. Ra2 Qd6
22. Rd2 Qe7 23. Qe3 Qxe3 24. fxe3 Bc4 25. Raxb2 Rxb2 26. Rxb2 Rxa4 27. Nd2 Bxd5
28. e4 Nxe4 29. Nxe4 Bxe4 30. Rb8+ Kh7 31. Bxe4+ Rxe4 32. Kf2 Rc4 33. Rb3 Kg6
34. Ke3 Kf5 35. Kd3 Rc6 36. Rb5+ Kg4 37. Kd4 Kh3 38. Rb2 g5 39. c4 Rd6+ 40. Kc5
f5 41. Rf2 Kg4 42. Re2 f4 43. gxf4 gxf4 44. Re7 f3 45. Rg7+ Kf4 46. Rxc7 Rf6 47.
Ra7 f2 48. Ra1 Ke3 49. Kd5 f1=Q 0-1

[Event "World Blitz Women 2022"]
[Site "Almaty KAZ"]
[Date "2022.12.30"]
[Round "11.12"]
[White "Stefanova, Antoaneta"]
[Black "Balabayeva, Xeniya"]
[Result "1-0"]
[WhiteTitle "GM"]
[BlackTitle "WIM"]
[WhiteElo "2442"]
[BlackElo "2183"]
[WhiteFideId "2902257"]
[BlackFideId "13719688"]
[EventDate "2022.12.29"]

1. d4 d5 2. c4 e6 3. Nf3 Nf6 4. e3 a6 5. b3 b6 6. Bd3 Bb7 7. O-O Bd6 8. Bb2 O-O
9. Ne5 Bxe5 10. dxe5 Ne4 11. f3 Nc5 12. Be2 dxc4 13. Bxc4 Nc6 14. Nd2 Nd3 15.
Bxd3 Qxd3 16. Nc4 Rfd8 17. Qxd3 Rxd3 18. Rfd1 Rad8 19. Rxd3 Rxd3 1-0

[Event "World Blitz Women 2022"]
[Site "Almaty KAZ"]
[Date "2022.12.30"]
[Round "11.13"]
[White "Gaponenko, Inna"]
[Black "Khotenashvili, Bela"]
[Result "0-1"]
[WhiteTitle "IM"]
[BlackTitle "GM"]
[WhiteElo "2341"]
[BlackElo "2485"]
[WhiteFideId "14101181"]
[BlackFideId "13602640"]
[EventDate "2022.12.29"]

1. e4 c6 2. d4 d5 3. exd5 cxd5 4. c4 Nf6 5. Nc3 Nc6 6. cxd5 Nxd5 7. Nf3 g6 8.
Qb3 Nxc3 9. Bc4 Nd5 10. Bxd5 e6 11. Bxc6+ bxc6 12. O-O Bg7 13. Bg5 Qd5 14. Qa3
f6 15. Be3 Bf8 16. Qc3 Bd7 17. Rfe1 Kf7 18. Nd2 Rb8 19. a3 Bd6 20. Nc4 Bc7 21.
Rac1 a5 22. Qd2 g5 23. Qc3 a4 24. Bd2 Rb3 25. Qc2 Qxd4 26. Be3 Qh4 27. g3 Qg4
28. Red1 e5 29. Nd6+ Bxd6 30. Rxd6 Kg7 31. Rcd1 Bf5 32. Qxc6 Be4 33. Qd7+ Qxd7
34. Rxd7+ Kg6 35. Ra7 Rxb2 36. Rxa4 Bc2 0-1

[Event "World Blitz Women 2022"]
[Site "Almaty KAZ"]
[Date "2022.12.30"]
[Round "11.14"]
[White "Kamalidenova, Meruert"]
[Black "Fataliyeva, Ulviyya"]
[Result "1/2-1/2"]
[WhiteTitle "WIM"]
[BlackTitle "IM"]
[WhiteElo "2377"]
[BlackElo "2428"]
[WhiteFideId "13712802"]
[BlackFideId "13403052"]
[EventDate "2022.12.29"]

1. e4 e6 2. d4 d5 3. e5 c5 4. c3 Nc6 5. Nf3 Bd7 6. Be2 f6 7. O-O fxe5 8. Nxe5
Nxe5 9. dxe5 Qc7 10. Bf4 Ne7 11. c4 O-O-O 12. Nc3 Bc6 13. Qc2 g5 14. cxd5 gxf4
15. dxc6 Nxc6 16. Rfe1 Nd4 17. Qe4 Bg7 18. Nb5 Qxe5 19. Nxa7+ Kb8 20. Qxe5+ Bxe5
21. Bd3 Bf6 22. Nb5 Nxb5 23. Bxb5 Rd6 24. Bc4 e5 25. a4 Rd4 26. Bf1 e4 27. a5
Ka7 28. Rac1 Rc8 29. g3 f3 30. Bh3 Rc7 31. Bf5 Re7 32. Rxc5 Rd2 33. Rcc1 Bd4 34.
Rxe4 Rxe4 35. Bxe4 Rxf2 36. Kh1 Be3 37. Rd1 Ka6 38. b4 Kb5 39. h4 Kxb4 40. Rd3
Rf1+ 41. Kh2 f2 42. Rxe3 Re1 43. Rf3 f1=Q 44. Rxf1 Rxf1 45. Bxb7 Kxa5 46. h5 h6
47. Be4 Re1 48. Bf5 Kb5 49. Kh3 Kc5 50. Kg4 Kd5 51. Bg6 Ke5 52. Kf3 Rf1+ 53. Kg2
Rf6 54. Kh3 Rb6 55. Kh4 Rb4+ 56. g4 Kf4 57. Bf5 Rb3 58. Be6 Rb1 59. Kh3 Rb2 60.
Bf5 Rd2 61. Be6 Rf2 62. Bf5 Ke3 63. Kg3 Rf3+ 64. Kg2 Kf4 65. Be6 Re3 66. Bf5
Rg3+ 67. Kf2 Ra3 68. Kg2 Kg5 69. Kh2 Kh4 70. Kg2 Ra2+ 71. Kf3 Ra4 72. Be6 Kg5
73. Bf5 Rb4 74. Kg3 Rb3+ 75. Kg2 Kf4 76. Kf2 Rb2+ 77. Kf1 Kf3 78. Ke1 Rg2 79.
Bd7 Ke3 80. Kf1 Rd2 81. Bf5 Kf3 82. Ke1 Ra2 83. Bd7 Ra1+ 84. Kd2 Rg1 85. Bf5
Rg2+ 86. Kd3 Kf4 87. Kd4 Rd2+ 88. Kc3 Rd6 89. Kc2 Kf3 90. Kc3 Rd8 91. Kc2 Rd4
92. Kc3 Ke3 93. Kc2 Kf3 94. Kc3 Ke3 95. Kc2 Rd8 96. Kc3 Rd6 97. Kc2 Ke2 98. Kc3
Ke3 99. Kc2 Rd5 100. Kc3 Rc5+ 101. Kb4 Rc1 102. Kb3 Kf4 103. Be6 Re1 104. Bf5
Rg1 105. Kc3 Rxg4 106. Bxg4 Kxg4 107. Kd3 Kxh5 108. Ke2 Kg4 109. Kf1 1/2-1/2

[Event "World Blitz Women 2022"]
[Site "Almaty KAZ"]
[Date "2022.12.30"]
[Round "11.15"]
[White "Injac, Teodora"]
[Black "Druzhinina, Olga"]
[Result "0-1"]
[WhiteTitle "WGM"]
[WhiteElo "2365"]
[BlackElo "2245"]
[WhiteFideId "932400"]
[BlackFideId "4141911"]
[EventDate "2022.12.29"]

1. Nf3 Nf6 2. c4 c6 3. d4 d5 4. Nbd2 g6 5. e3 Bg7 6. Be2 O-O 7. O-O a5 8. b3
Nbd7 9. Bb2 Re8 10. Qc2 dxc4 11. Nxc4 Nb6 12. Rfd1 Bf5 13. Bd3 Bxd3 14. Rxd3
Nbd5 15. a3 Ne4 16. Rdd1 Nd6 17. e4 Nb6 18. Ne3 a4 19. b4 Qd7 20. h3 Qe6 21. Ng5
Qb3 22. Qxb3 axb3 23. e5 Ndc4 24. Rdb1 Nxe3 25. fxe3 Nc4 26. Bc1 b2 27. Bxb2
Nxe3 28. Bc1 Nd5 29. Bd2 Bh6 30. h4 f6 31. Nf3 Bxd2 32. Nxd2 fxe5 33. dxe5 Rf8
34. Nf3 Rf4 35. Re1 Rc4 36. Re2 Rxb4 37. e6 Rb3 38. a4 Rb4 39. a5 Rb5 40. Rea2
Kg7 41. Kh2 Rb4 42. a6 bxa6 43. Rxa6 Rxa6 44. Rxa6 c5 45. Rc6 c4 46. Ne5 c3 47.
Nf3 Rb2 48. Rc5 Ne3 49. Rxc3 Nxg2 50. Kg3 Kf6 51. Ng5 h6 52. Ne4+ Kxe6 53. Nf2
Nxh4 54. Re3+ Kf7 55. Rc3 Ke6 56. Re3+ Kf6 57. Rc3 Nf5+ 58. Kf3 h5 59. Nh3 Kf7
60. Rc6 0-1

[Event "World Blitz Women 2022"]
[Site "Almaty KAZ"]
[Date "2022.12.30"]
[Round "11.16"]
[White "Zatonskih, Anna"]
[Black "Padmini, Rout"]
[Result "1-0"]
[WhiteTitle "IM"]
[BlackTitle "IM"]
[WhiteElo "2349"]
[BlackElo "2389"]
[WhiteFideId "14101572"]
[BlackFideId "5029295"]
[EventDate "2022.12.29"]

1. d4 Nf6 2. c4 c5 3. d5 b5 4. cxb5 a6 5. bxa6 g6 6. Nc3 Bxa6 7. e4 Bxf1 8. Kxf1
d6 9. Nge2 Bg7 10. h3 O-O 11. Kg1 Nbd7 12. Kh2 Ra6 13. Qc2 Qa8 14. b3 Ne8 15.
Bb2 f5 16. exf5 Rxf5 17. Ng3 Rf7 18. Rhd1 Nc7 19. Rd2 Nf6 20. Nge4 Nfxd5 21.
Nxd5 Nxd5 22. Bxg7 Nb4 23. Qc4 Kxg7 24. Ng5 Rf6 25. a3 Rxa3 26. Re1 e5 27. Ne4
Rf4 28. Rxd6 Ra7 29. f3 Re7 30. Nxc5 Rxc4 1-0

[Event "World Blitz Women 2022"]
[Site "Almaty KAZ"]
[Date "2022.12.30"]
[Round "11.17"]
[White "Khamdamova, Afruza"]
[Black "Abdumalik, Zhansaya"]
[Result "1-0"]
[WhiteTitle "WFM"]
[BlackTitle "GM"]
[WhiteElo "2139"]
[BlackElo "2496"]
[WhiteFideId "14210444"]
[BlackFideId "13703544"]
[EventDate "2022.12.29"]

1. e4 c5 2. Nf3 Nc6 3. d4 cxd4 4. Nxd4 Nf6 5. Nc3 e5 6. Ndb5 d6 7. Nd5 Nxd5 8.
exd5 Nb8 9. c4 Be7 10. Be2 O-O 11. O-O f5 12. f4 Nd7 13. Be3 a6 14. Nc3 exf4 15.
Bxf4 Qb6+ 16. Kh1 Qxb2 17. Na4 Qf6 18. Rb1 g5 19. Be3 Qg6 20. Bd4 g4 21. Qd3 Bf6
22. Bxf6 Rxf6 23. Qe3 f4 24. Qd4 Qg5 25. Bd3 Rf7 26. Rbe1 Ne5 27. Nb6 Rb8 28. c5
f3 29. cxd6 fxg2+ 30. Kxg2 Qd2+ 31. Re2 Qxd3 32. Qxe5 Bf5 33. Ref2 Rbf8 34. Kg1
Qb5 35. Qd4 Bg6 36. Rxf7 Rxf7 37. Rxf7 Kxf7 38. d7 Qb1+ 39. Kg2 Be4+ 40. Kf2 Ke7
41. Qe5+ Kd8 42. Qb8+ Ke7 43. d8=Q+ Kf7 44. Qf4+ Bf5 45. Qd7+ 1-0

[Event "World Blitz Women 2022"]
[Site "Almaty KAZ"]
[Date "2022.12.30"]
[Round "11.18"]
[White "Osmak, Yuliia"]
[Black "Voit, Daria"]
[Result "1-0"]
[WhiteTitle "IM"]
[BlackTitle "WGM"]
[WhiteElo "2451"]
[BlackElo "2347"]
[WhiteFideId "14101602"]
[BlackFideId "4182146"]
[EventDate "2022.12.29"]

1. d4 Nf6 2. c4 e6 3. Nc3 Bb4 4. f3 d5 5. a3 Bxc3+ 6. bxc3 c5 7. cxd5 Nxd5 8.
dxc5 Qa5 9. e4 Nf6 10. Be3 Nfd7 11. Qb3 O-O 12. Qb4 Qc7 13. Bb5 b6 14. cxb6 axb6
15. Ne2 Na6 16. Qb2 Nac5 17. O-O Ne5 18. Rfd1 Ba6 19. Nd4 Nc4 20. Qf2 Bxb5 21.
Nxb5 Qc6 22. Bxc5 bxc5 23. a4 Rfd8 24. Qe2 Na5 25. Rxd8+ Rxd8 26. Rd1 Ra8 27.
Rd6 Qc8 28. Qd3 h6 29. c4 Nb7 30. Rd7 Rxa4 31. h3 Ra8 32. Rc7 Qd8 33. Qxd8+ Nxd8
34. Rxc5 Nb7 35. Rc7 Na5 36. Nd6 Rf8 37. c5 f6 38. Re7 e5 39. Rc7 Nb3 40. c6 Nd4
41. Nf5 Nxf5 42. exf5 Kh7 43. Rd7 Ra8 44. c7 Ra1+ 45. Kf2 Rc1 46. Ke3 h5 47. Kd2
Rc5 48. Ke3 Kh6 49. h4 g6 50. fxg6 Kxg6 51. g4 hxg4 52. fxg4 f5 53. h5+ Kg5 54.
gxf5 Kxh5 55. Rg7 Kh6 56. f6 Rc4 57. Kd3 Rc6 58. Ke4 Rc5 59. Kf5 1-0

[Event "World Blitz Women 2022"]
[Site "Almaty KAZ"]
[Date "2022.12.30"]
[Round "11.19"]
[White "Maltsevskaya, Aleksandra"]
[Black "Nurgali, Nazerke"]
[Result "1/2-1/2"]
[WhiteTitle "IM"]
[BlackTitle "WIM"]
[WhiteElo "2400"]
[BlackElo "2168"]
[WhiteFideId "24174041"]
[BlackFideId "13711261"]
[EventDate "2022.12.29"]

1. e4 c6 2. d4 d5 3. exd5 cxd5 4. c4 e6 5. Nc3 Nf6 6. Nf3 Bb4 7. cxd5 Nxd5 8.
Bb5+ Bd7 9. Bxd7+ Nxd7 10. O-O N7b6 11. Ne5 O-O 12. Ne4 Qe7 13. Qf3 Rad8 14. Rd1
h6 15. Qh3 Nf6 16. Ng3 Bd6 17. Bd2 Nbd5 18. Rac1 Nd7 19. Nxd7 Rxd7 20. Re1 Bxg3
21. Qxg3 Qf6 22. Re4 Rfd8 23. h4 Ne7 24. Bf4 Nf5 25. Qg4 Rxd4 26. Bc7 Rxe4 27.
Qxe4 Rd2 28. g3 Ne7 29. Bf4 Rd8 30. Be5 Qf5 31. Qxf5 Nxf5 32. Rc7 Rd5 33. Bc3
Rb5 34. a4 Rb3 35. Rc8+ Kh7 36. Rc7 Kg8 37. Kg2 Nd6 38. Kf3 a6 39. Ke3 b5 40.
Rc6 Nc4+ 41. Ke2 Nxb2 42. axb5 axb5 43. Rc8+ Kh7 44. Rc7 Nc4 45. Bd4 e5 46. Bc5
Rb2+ 47. Kf3 Rb3+ 48. Kg2 Kg8 49. Rc8+ Kh7 50. Rc7 Kg8 51. Rc8+ Kh7 52. Rc7 1/2-1/2

[Event "World Blitz Women 2022"]
[Site "Almaty KAZ"]
[Date "2022.12.30"]
[Round "11.20"]
[White "Nomin-Erdene, Davaademberel"]
[Black "Munkhzul, Turmunkh"]
[Result "0-1"]
[WhiteTitle "IM"]
[BlackTitle "WIM"]
[WhiteElo "2384"]
[BlackElo "2318"]
[WhiteFideId "4900782"]
[BlackFideId "4901878"]
[EventDate "2022.12.29"]

1. f4 Nf6 2. Nf3 g6 3. g3 Bg7 4. Bg2 O-O 5. O-O d6 6. d3 Nc6 7. Nc3 e5 8. e4
exf4 9. Bxf4 Bg4 10. Qd2 Nh5 11. Bh6 Qd7 12. Bxg7 Kxg7 13. Nd5 Ne7 14. Qc3+ Kg8
15. Nf6+ Nxf6 16. Qxf6 Qe6 17. Qh4 Bxf3 18. Rxf3 Nc6 19. Rf6 Qe5 20. c3 Qb5 21.
Rd1 Qxb2 22. c4 Qd4+ 23. Kh1 Ne5 24. Rff1 Nxd3 25. Rd2 Qxc4 26. Qh6 Ne5 27. Qg5
Rae8 28. Rdf2 Nd3 29. Rf3 Re5 30. Qf6 Nc5 31. Rf4 Qe6 32. Qh4 Nd3 33. R4f3 Nc5
34. Qh6 Nxe4 35. Qf4 0-1

[Event "World Blitz Women 2022"]
[Site "Almaty KAZ"]
[Date "2022.12.30"]
[Round "11.22"]
[White "Ushenina, Anna"]
[Black "Ovod, Evgenija"]
[Result "1/2-1/2"]
[WhiteTitle "GM"]
[BlackTitle "IM"]
[WhiteElo "2454"]
[BlackElo "2323"]
[WhiteFideId "14110911"]
[BlackFideId "4131827"]
[EventDate "2022.12.29"]

1. d4 d5 2. Nf3 Nf6 3. e3 e6 4. Bd3 Bd6 5. b3 O-O 6. Bb2 b6 7. Nbd2 Bb7 8. O-O
Nbd7 9. Ne5 c5 10. f4 Ne4 11. Nxd7 Qxd7 12. Nxe4 dxe4 13. Bc4 f5 14. dxc5 bxc5
15. Be5 Rad8 16. Bxd6 Qxd6 17. Qxd6 Rxd6 18. Rad1 Bd5 19. Rf2 Rfd8 20. Rfd2 Kf8
21. Be2 Ke7 22. g4 Bc6 23. Rxd6 Rxd6 24. Rxd6 Kxd6 25. Kf2 a5 26. gxf5 exf5 27.
Ke1 h6 28. h4 Ke6 29. Kd2 Kd6 30. Kc3 Bd5 31. Bh5 Be6 32. a3 Kc6 33. b4 axb4+
34. axb4 Kb6 35. Be8 Bc8 36. Kb3 Be6+ 37. Ka3 Bc8 38. c3 Be6 39. Ka4 Bc8 40. Bf7
Bd7+ 41. Kb3 Kb5 42. Bc4+ Kb6 43. Bd5 Kb5 44. Bf7 Bc8 45. Be8+ Kb6 46. c4 Be6
47. Kc3 Bc8 48. Bf7 Bd7 49. Bd5 Bc8 50. Kb3 Bd7 51. Ka3 Bc8 52. Kb3 Bd7 53. Kc3
Bc8 54. Bf7 Bd7 55. Bg8 Bc8 56. Bd5 Bd7 57. Bf7 Bc8 58. Be8 Be6 59. Ba4 Bc8 60.
Be8 Be6 61. Bg6 Bd7 62. Bf7 Bc8 63. Kb3 Bd7 64. Ka3 Bc8 65. bxc5+ Kxc5 66. Ka4
Ba6 67. Kb3 Bc8 68. Kc3 Bd7 69. Bd5 Bc8 70. Bf7 Bd7 71. Bd5 Bc8 1/2-1/2

[Event "World Blitz Women 2022"]
[Site "Almaty KAZ"]
[Date "2022.12.30"]
[Round "11.23"]
[White "Savitha, Shri B"]
[Black "Kurmangaliyeva, Liya"]
[Result "0-1"]
[WhiteTitle "WIM"]
[BlackTitle "FM"]
[WhiteElo "2411"]
[BlackElo "2287"]
[WhiteFideId "35061887"]
[BlackFideId "13725831"]
[EventDate "2022.12.29"]

1. e4 c5 2. Nf3 e6 3. d4 cxd4 4. Nxd4 Nc6 5. Nc3 a6 6. Nxc6 bxc6 7. Bd3 d5 8.
O-O Qc7 9. Re1 Bb7 10. Qf3 Bd6 11. exd5 cxd5 12. Nxd5 Qa5 13. Nf6+ Nxf6 14. Qxb7
Qxe1+ 15. Bf1 O-O 16. b3 Ng4 17. Bb2 Qxf2+ 18. Kh1 Qh4 19. h3 Qg3 0-1

[Event "World Blitz Women 2022"]
[Site "Almaty KAZ"]
[Date "2022.12.30"]
[Round "11.24"]
[White "Paramzina, Anastasya"]
[Black "Girya, Olga"]
[Result "0-1"]
[WhiteTitle "WGM"]
[BlackTitle "GM"]
[WhiteElo "2227"]
[BlackElo "2398"]
[WhiteFideId "4165012"]
[BlackFideId "4195752"]
[EventDate "2022.12.29"]

1. e4 e5 2. Nf3 Nc6 3. Bc4 Bc5 4. O-O Nf6 5. d3 d6 6. c3 a5 7. Nbd2 O-O 8. h3 h6
9. Re1 Be6 10. Bb5 Nd7 11. Nf1 f5 12. exf5 Bxf5 13. Ng3 Bg6 14. d4 exd4 15. cxd4
Bb6 16. a3 Nf6 17. Bc4+ d5 18. Bd3 Bxd3 19. Qxd3 Qd7 20. Bd2 Rae8 21. Bc3 Rxe1+
22. Rxe1 Re8 23. Rxe8+ Qxe8 24. Ne5 Qe6 25. f4 Nxe5 26. Qe3 Nfd7 27. Kh1 c5 28.
Ne2 Qf5 29. fxe5 cxd4 30. Bxd4 Bxd4 31. Qxd4 Qxe5 32. Qf2 Nf6 33. Nc3 d4 34. Nd1
Ne4 35. Qe1 Ng3+ 0-1

[Event "World Blitz Women 2022"]
[Site "Almaty KAZ"]
[Date "2022.12.30"]
[Round "11.25"]
[White "Tokhirjonova, Gulrukhbegim"]
[Black "Atalik, Ekaterina"]
[Result "1-0"]
[WhiteTitle "WGM"]
[BlackTitle "IM"]
[WhiteElo "2328"]
[BlackElo "2403"]
[WhiteFideId "14203626"]
[BlackFideId "4130189"]
[EventDate "2022.12.29"]

1. e4 e5 2. Nf3 Nc6 3. d4 exd4 4. Nxd4 Bc5 5. Nb3 Bb6 6. Qe2 d6 7. Nc3 Nf6 8.
Bg5 h6 9. Bh4 O-O 10. O-O-O Be6 11. Kb1 a5 12. Nd5 Bxd5 13. exd5 Ne5 14. f4 Ng6
15. Bg3 Re8 16. Qf3 a4 17. Nd4 a3 18. b3 Ne4 19. Bb5 Bxd4 20. Rxd4 Qf6 21. c3
Nxg3 22. hxg3 Re7 23. Rhd1 Nf8 24. Kc2 Ra5 25. Bd3 Nd7 26. b4 Ra8 27. Kb3 Rae8
28. Kxa3 Re3 29. Qg4 Nb6 30. Kb3 c5 31. dxc6 bxc6 32. Qf5 Qxf5 33. Bxf5 d5 34.
R4d3 Nc4 35. Bd7 Rxd3 36. Rxd3 Re2 37. Bxc6 Rb2+ 38. Ka4 Rxg2 39. Rxd5 Nb6+ 40.
Kb5 Nxd5 41. Bxd5 Rxg3 42. a4 Rxc3 43. a5 Ra3 44. a6 g5 45. fxg5 hxg5 46. Kb6 g4
47. a7 g3 48. a8=Q+ 1-0

[Event "World Blitz Women 2022"]
[Site "Almaty KAZ"]
[Date "2022.12.30"]
[Round "11.26"]
[White "Nurgaliyeva, Zarina"]
[Black "Bivol, Alina"]
[Result "0-1"]
[WhiteTitle "WFM"]
[BlackTitle "IM"]
[WhiteElo "2013"]
[BlackElo "2364"]
[WhiteFideId "13730096"]
[BlackFideId "4100123"]
[EventDate "2022.12.29"]

1. e4 e6 2. d4 d5 3. exd5 exd5 4. Nf3 Nf6 5. Bd3 c5 6. O-O c4 7. Be2 Bd6 8. b3
cxb3 9. axb3 O-O 10. c4 Nc6 11. Nc3 Bf5 12. Bb2 h6 13. h3 Re8 14. Re1 a6 15. Bf1
Nb4 16. Rxe8+ Qxe8 17. Qd2 dxc4 18. bxc4 Rd8 19. Re1 Qd7 20. Ne5 Qc7 21. Qf4 Bh7
22. Qh4 Nc2 23. Rd1 Re8 24. Nf3 Ne4 25. Nd5 Qd8 26. Qxd8 Rxd8 27. Bd3 Nb4 28.
Nxb4 Bxb4 29. d5 a5 30. Bd4 a4 31. Ra1 a3 32. Ne1 Bf8 33. f3 Nd2 34. Bxh7+ Kxh7
35. Bb6 Ra8 36. c5 Nb3 37. Ra2 Nxc5 38. Nc2 Nd3 39. Be3 b5 40. Kf1 b4 41. Nd4
Nc5 42. Nb5 Ra5 43. Nd4 b3 44. Nxb3 Nxb3 45. Ke2 Rxd5 0-1

[Event "World Blitz Women 2022"]
[Site "Almaty KAZ"]
[Date "2022.12.30"]
[Round "11.27"]
[White "Balajayeva, Khanim"]
[Black "Enkhtuul, Altan-Ulzii"]
[Result "0-1"]
[WhiteTitle "WGM"]
[BlackTitle "WGM"]
[WhiteElo "2379"]
[BlackElo "2285"]
[WhiteFideId "13406396"]
[BlackFideId "4901444"]
[EventDate "2022.12.29"]

1. e4 Nf6 2. e5 Nd5 3. d4 d6 4. c4 Nb6 5. exd6 exd6 6. Nc3 Be7 7. Bd3 Nc6 8.
Nge2 Bg4 9. f3 Bh5 10. Be3 O-O 11. Nf4 Bg6 12. Nxg6 fxg6 13. O-O Kh8 14. b3 Bf6
15. Be4 Qe7 16. Qd2 Rae8 17. Rfe1 Qd8 18. a4 Na5 19. Bc2 Nc6 20. a5 Nc8 21. Be4
Bh4 22. Reb1 a6 23. b4 N8e7 24. b5 axb5 25. cxb5 Na7 26. Bxb7 Nf5 27. Bf2 Bg5
28. Qc2 Be3 29. Be4 Nxd4 30. Qb2 Bxf2+ 31. Qxf2 Naxb5 32. Nxb5 Nxb5 33. Rxb5
Rxe4 34. a6 Qf6 35. Rbb1 Ree8 36. a7 Ra8 37. Qc2 Qd4+ 38. Kh1 Rxa7 39. Rxa7 Qxa7
40. h3 c5 41. Rd1 Qe7 42. Qd3 Rd8 43. Qd5 h6 44. Qc6 Qf6 45. Rd5 Qa1+ 46. Kh2
Qf6 47. Kh1 Qf4 48. Qc7 Re8 49. Rd1 Qg3 50. Qf7 Re1+ 51. Rxe1 Qxe1+ 52. Kh2 Qe5+
53. Kg1 Qf6 54. Qe8+ Kh7 55. Qc6 Qd4+ 56. Kf1 c4 57. h4 h5 58. g4 hxg4 59. fxg4
Qxg4 60. Qxd6 c3 61. Qd3 Qf5+ 0-1

[Event "World Blitz Women 2022"]
[Site "Almaty KAZ"]
[Date "2022.12.30"]
[Round "11.28"]
[White "Kovanova, Baira"]
[Black "Pourkashiyan, Atousa"]
[Result "1/2-1/2"]
[WhiteTitle "WGM"]
[BlackTitle "WGM"]
[WhiteElo "2317"]
[BlackElo "2321"]
[WhiteFideId "4164083"]
[BlackFideId "12502014"]
[EventDate "2022.12.29"]

1. e4 c5 2. Nf3 e6 3. d4 cxd4 4. Nxd4 a6 5. Bd3 Bc5 6. Nb3 Be7 7. c4 Nc6 8. O-O
Nf6 9. Nc3 O-O 10. Be3 d6 11. Be2 Ne5 12. f4 Ned7 13. Rc1 Qc7 14. Kh1 b6 15. Bf3
Bb7 16. Qe2 Rac8 17. Nd2 Rfe8 18. b3 Bf8 19. Rfd1 Qb8 20. Nf1 d5 21. cxd5 exd5
22. e5 Ne4 23. Bxe4 Ba3 24. Rc2 dxe4 25. Rxd7 Bc6 26. Rd1 Bb4 27. Nd5 Bb5 28.
Rxc8 Qxc8 29. Qf2 Bf8 30. Nxb6 Qc3 31. Nd5 Qc6 32. Qd2 Bd3 33. Nb4 Bxb4 34. Qxb4
Qc2 35. Qd2 Qc6 36. Rc1 Qd7 37. Ng3 Qg4 38. f5 h5 39. Qf2 h4 40. Nf1 h3 41. gxh3
Qxh3 42. f6 g6 43. Qg2 Qh5 44. Nd2 Qxe5 45. Qg5 Qxg5 46. Bxg5 e3 47. Nc4 e2 48.
Re1 Re4 49. Bd2 Rg4 50. h3 Be4+ 51. Kh2 Rg2+ 52. Kh1 Rf2+ 53. Kg1 Rg2+ 54. Kh1
Rf2+ 55. Kg1 Rg2+ 56. Kh1 Rf2+ 57. Kg1 1/2-1/2

[Event "World Blitz Women 2022"]
[Site "Almaty KAZ"]
[Date "2022.12.30"]
[Round "11.29"]
[White "Gvetadze, Sofio"]
[Black "Mikheeva, Galina"]
[Result "1/2-1/2"]
[WhiteTitle "IM"]
[BlackTitle "WFM"]
[WhiteElo "2298"]
[BlackElo "1969"]
[WhiteFideId "13601440"]
[BlackFideId "44108320"]
[EventDate "2022.12.29"]

1. Nf3 Nc6 2. g3 e5 3. d3 d5 4. Bg2 Nf6 5. O-O Be7 6. Nbd2 O-O 7. e4 dxe4 8.
dxe4 Be6 9. Nh4 Qd7 10. c3 Rad8 11. Qe2 Ne8 12. Nhf3 Nd6 13. Re1 Rfe8 14. Nb3 b6
15. Be3 Nxe4 16. Bxb6 Nxc3 17. bxc3 axb6 18. Nxe5 Nxe5 19. Qxe5 Bf6 20. Qh5 Bxc3
21. Red1 Qe7 22. Rxd8 Rxd8 23. Rc1 Bf6 24. h3 c5 25. Qe2 c4 26. Nd2 c3 27. Ne4
Rc8 28. a4 Bd4 29. Qd3 Qb4 30. Ng5 g6 31. Nxe6 fxe6 32. Qe4 e5 33. Qd5+ Kh8 34.
Qf7 Qf8 35. Qe6 Re8 36. Qd7 Rd8 37. Qc6 Bxf2+ 38. Kh2 Bc5 39. Rxc3 Rd2 40. Rf3
Qg8 41. Qe4 Rd8 42. Qxe5+ Qg7 43. Qe6 Rf8 44. h4 Rxf3 45. Bxf3 h5 46. a5 bxa5
47. Qc8+ Bf8 48. Bd5 a4 49. Qa8 a3 50. Qa4 Kh7 51. Kh3 Kh8 52. Kg2 Qb2+ 53. Kh3
Qf6 54. Qb3 Qf5+ 55. Kg2 Bd6 56. Qc3+ Qe5 57. Qb3 Qe2+ 58. Kh3 Qf1+ 59. Bg2 Qf8
60. Qc3+ Kh7 61. Qd3 Qc8+ 62. Kh2 Qc7 63. Be4 Qe7 64. Bxg6+ Kh6 65. Bf5 Qf6 66.
Qd2+ Kg7 67. Bh3 Qe7 68. Qc3+ Qf6 69. Qb3 Qb2+ 70. Qxb2+ axb2 71. Bf5 Kf6 72.
Bb1 Be5 73. Kg2 Kg7 74. Kf3 Kh6 75. g4 hxg4+ 76. Kxg4 Bg7 1/2-1/2

[Event "World Blitz Women 2022"]
[Site "Almaty KAZ"]
[Date "2022.12.30"]
[Round "11.30"]
[White "Nurmanova, Alua"]
[Black "Mkrtchyan, Mariam"]
[Result "1-0"]
[WhiteTitle "WIM"]
[BlackTitle "WIM"]
[WhiteElo "2191"]
[BlackElo "2364"]
[WhiteFideId "13729390"]
[BlackFideId "13310828"]
[EventDate "2022.12.29"]

1. e4 e5 2. Nf3 Nc6 3. Bb5 a6 4. Ba4 Nf6 5. O-O b5 6. Bb3 Bc5 7. c3 d6 8. a4 Rb8
9. d4 Bb6 10. a5 Ba7 11. h3 O-O 12. Re1 h6 13. Be3 exd4 14. cxd4 Nb4 15. Nc3 c5
16. dxc5 Bxc5 17. e5 Nh7 18. Bf4 dxe5 19. Nxe5 Rb7 20. Qf3 Ng5 21. Bxg5 Qxg5 22.
Rad1 Re7 23. Ng4 Bb7 24. Qg3 Rfe8 25. Rxe7 Bxe7 26. Re1 Kf8 27. f4 Qc5+ 28. Kh1
Nd5 29. Ne5 Qc7 30. Nxd5 Bxd5 31. Bxd5 Bb4 32. Rf1 Qc2 33. Bxf7 1-0

[Event "World Blitz Women 2022"]
[Site "Almaty KAZ"]
[Date "2022.12.30"]
[Round "11.31"]
[White "Shukhman, Anna"]
[Black "Beydullayeva, Govhar"]
[Result "0-1"]
[WhiteTitle "WFM"]
[BlackTitle "WGM"]
[WhiteElo "2161"]
[BlackElo "2387"]
[WhiteFideId "54180058"]
[BlackFideId "13413015"]
[EventDate "2022.12.29"]

1. e4 c5 2. Nf3 d6 3. d4 cxd4 4. Nxd4 Nf6 5. Nc3 a6 6. Qd3 e5 7. Nf5 g6 8. Ne3
Be6 9. Be2 Nc6 10. Ncd5 Nd4 11. Nxf6+ Qxf6 12. O-O Bg7 13. Rd1 Rd8 14. Bf1 O-O
15. c3 Nc6 16. Nd5 Bxd5 17. Qxd5 Rd7 18. Bc4 Kh8 19. Be3 Qh4 20. Qd3 f5 21. exf5
gxf5 22. Be6 e4 23. Qd5 Ne7 24. Qd2 f4 25. Bxd7 fxe3 26. Qxe3 d5 27. g3 Qh5 28.
c4 d4 29. Qxe4 Ng6 30. Bg4 Qg5 31. Bf3 Ne5 32. Bg2 Ng4 33. h4 Qh5 34. Bf3 Nxf2
35. Bxh5 Nxe4 36. Rf1 Rd8 37. Rf7 d3 38. Rd1 d2 39. Bf3 Nxg3 40. Kf2 Be5 41. Re7
Bf4 42. Rf7 Bb8 43. Rxb7 Nf5 44. Rb3 Bg3+ 45. Kg2 Bf4 46. Kf2 Bg3+ 47. Kg2 Bf4
48. Be4 Ne3+ 49. Rxe3 Bxe3 50. Kf3 Bh6 51. c5 Kg7 52. c6 Kf6 53. Bxh7 Ke5 54.
Ke2 Rc8 55. Bd3 Rxc6 56. b4 Rb6 57. a3 Kd4 58. Rg1 Re6+ 59. Kd1 Kxd3 60. Rg3+
Be3 61. h5 Rc6 0-1